Histoire avec un grand N - Statistiques

Statistiques générales
  • Ce quiz a été pris 173 fois
  • Le résultat moyen est 6 sur 12
Statistiques - réponses
Indice Réponse % Correct
Ancien président d'Afrique du Sud et leader du mouvement contre l'apartheid Nelson Mandela
93%
Astronaute américain, premier homme à marcher sur la Lune Neil Armstrong
86%
Reine de l'Égypte antique, épouse du pharaon Akhenaton Nefertiti
76%
Empereur romain de 54 à 68 après J.-C. Néron
69%
Empereur français emblématique, au pouvoir de 1799 à 1815 Napoléon 1er
57%
Actrice célèbre pour ses rôles dans Black Swan et la saga Star Wars Natalie Portman
53%
Astronome polonais, père de l'héliocentrisme moderne Nicolas Copernic
52%
Inventeur et ingénieur renommé pour ses travaux sur l'électricité Nikola Tesla
41%
Leader soviétique connu pour la déstalinisation et la crise de Cuba Nikita Khrouchtchev
36%
Joueuse de tennis japonaise, quadruple championne en Grand Chelem Naomi Osaka
32%
Première dame des États-Unis de 1981 à 1989 Nancy Reagan
28%
Premier ministre de l'Inde depuis 2014 Narendra Modi
15%
Aucun quiz correspondant
Distribution des résultats
% des personnes avec chaque résultat
Percentile par nombre de réponses
Votre historique - résultats
Vous n’avez pas pris ce quiz